Normal view
MARC view
- تأليف حسن، عباس
Entry Personal Name
001 - CONTROL NUMBER
- control field: 26450
003 - CONTROL NUMBER IDENTIFIER
- control field: JO-AjAnu
005 - DATE AND TIME OF LATEST TRANSACTION
- control field: 20230606074515.0
008 - FIXED-LENGTH DATA ELEMENTS
- fixed length control field: 230606|| aca||aabn | a|a d
040 ## - CATALOGING SOURCE
- Original cataloging agency: JO-AjAnu
- Transcribing agency: JO-AjAnu
100 ## - HEADING--PERSONAL NAME
- Personal name: تأليف حسن، عباس
670 ## - SOURCE DATA FOUND
- Source citation: Work cat.: (JO-AjAnu)13591: تأليف حسن، عباس, author, النحو الوافي ، مع ربطة بالأساليب الرفيعة والحياة اللغوية المتجددة